Statistics for Rules of Acquisition (Star Trek)

Click here to take the quiz!

General Stats

  • This quiz has been taken 18 times
  • The average score is 13 of 20

Answer Stats

Rule # Clue Missing Word % Correct
1"Once you have their _____, you never give it back."Money
100%
29"What's in it for __?"Me
100%
7"Always keep your ____ open."Ears
93%
41"Profit is its own ______."Reward
93%
2"The best deal is the one that makes the most ______"Profit
93%
19"Satisfaction is ___ guaranteed."Not
93%
47"Never _____ a man wearing a better suit than your own."Trust
86%
280"If it ain't broke, don't ___ it."Fix
86%
59"Free advice is seldom _____."Cheap
71%
110"Exploitation begins at ____."Home
71%
34"___ is good for business."War
64%
15"____ men close no deals."Dead
50%
35"_____ is good for business."Peace
50%
12"Anything worth selling is worth selling _____."Twice
43%
10"_____ is eternal."Greed
43%
266"When in doubt, ___."Lie
43%
106"There is no _____ in poverty."Honor
36%
219"__________ is eleven-tenths of the law!"Possession
36%
27"There's nothing more _________ than an honest businessman."Dangerous
29%
153"Sell the sizzle, not the _____."Steak
7%

Score Distribution

Percentile by Number Answered

Percent of People with Each Score

Your Score History

You have not taken this quiz